An introduction to technical drawing / (Record no. 1183)
[ view plain ]
| 000 -LEADER | |
|---|---|
| fixed length control field | 00668nam a2200229 a 4500 |
| 001 - CONTROL NUMBER | |
| control field | 4173817 |
| 003 - CONTROL NUMBER IDENTIFIER | |
| control field | SEKU |
| 005 - DATE AND TIME OF LATEST TRANSACTION | |
| control field | 20140816105948.0 |
| 008 - FIXED-LENGTH DATA ELEMENTS--GENERAL INFORMATION | |
| fixed length control field | 810622s1977 nyuaf 001 0 eng |
| 010 ## - LIBRARY OF CONGRESS CONTROL NUMBER | |
| LC control number | 79056653 |
| 020 ## - INTERNATIONAL STANDARD BOOK NUMBER | |
| International Standard Book Number | 0827319282 |
| 040 ## - CATALOGING SOURCE | |
| Original cataloging agency | DLC |
| Transcribing agency | DLC |
| Modifying agency | DLC |
| -- | SEKU |
| Language of cataloging | eng |
| 050 00 - LIBRARY OF CONGRESS CALL NUMBER | |
| Classification number | T353 |
| Item number | .S82 1977 |
| 100 1# - MAIN ENTRY--PERSONAL NAME | |
| Personal name | Stirling, Norman. |
| 245 13 - TITLE STATEMENT | |
| Title | An introduction to technical drawing / |
| Statement of responsibility, etc. | Norman Stirling. |
| 250 ## - EDITION STATEMENT | |
| Edition statement | Metric ed. |
| 260 ## - PUBLICATION, DISTRIBUTION, ETC. (IMPRINT) | |
| Place of publication, distribution, etc. | Albany, N.Y. : |
| Name of publisher, distributor, etc. | Delmar Publishers, |
| Date of publication, distribution, etc. | c1977. |
| 300 ## - PHYSICAL DESCRIPTION | |
| Extent | 370 p., [2] leaves of plates : |
| Other physical details | ill. ; |
| Dimensions | 27 cm. |
| 500 ## - GENERAL NOTE | |
| General note | Includes index. |
| 650 #0 - SUBJECT ADDED ENTRY--TOPICAL TERM | |
| Topical term or geographic name as entry element | Mechanical drawing. |
| 942 ## - ADDED ENTRY ELEMENTS (KOHA) | |
| Source of classification or shelving scheme | Library of Congress Classification |
| Koha item type | General circulation |
| Classification part | T353. |
| Item part | .S82 1977 |
| Withdrawn status | Lost status | Source of classification or shelving scheme | Damaged status | Not for loan | Home library | Current library | Date acquired | Cost, normal purchase price | Total Checkouts | Full call number | Barcode | Date last seen | Cost, replacement price | Price effective from | Koha item type | Public note | Shelving location | Date last checked out |
|---|---|---|---|---|---|---|---|---|---|---|---|---|---|---|---|---|---|---|
| Library of Congress Classification | Main Campus Library | Main Campus Library | 16/08/2014 | 550.00 | T353 .S82 1977 C.1 | 2019/023273 | 16/08/2014 | 1050.00 | 16/08/2014 | General circulation | Rono | |||||||
| Library of Congress Classification | Main Campus Library | Main Campus Library | 16/08/2014 | 550.00 | T353 .S82 1977 C.2 | 2019/023275 | 16/08/2014 | 1050.00 | 16/08/2014 | General circulation | Rono | |||||||
| Library of Congress Classification | Main Campus Library | Main Campus Library | 16/08/2014 | 550.00 | T353 .S82 1977 C.3 | 2019/023274 | 16/08/2014 | 1050.00 | 16/08/2014 | General circulation | Rono | |||||||
| Library of Congress Classification | Main Campus Library | Main Campus Library | 16/08/2014 | 550.00 | T353 .S82 1977 C.5 | 2019/023241 | 16/08/2014 | 1050.00 | 16/08/2014 | General circulation | Rono | |||||||
| Library of Congress Classification | Main Campus Library | Main Campus Library | 16/08/2014 | 550.00 | 1 | T353 .S82 1977 C.6 | 2019/023242 | 09/02/2024 | 1050.00 | 16/08/2014 | General circulation | Rono | 17/11/2022 | |||||
| Library of Congress Classification | SEHSS - Library | SEHSS - Library | 16/08/2014 | 550.00 | [EHS] T 353 .S82 1977 | 2017/020518 | 16/08/2014 | 1050.00 | 16/08/2014 | General circulation | Rono | General Stacks |